Guía descriptiva : histórica y artística del Monasterio de San Cugat del Vallés / A. Griera histórica y artística del Monasterio de San Cugat del Vallés / A. Griera
Descripción Física:
38 p., [16] f. de làm. : il. ; 16 cm
MARC
| LEADER | 00000nam a2200000Ia 4500 | ||
|---|---|---|---|
| 001 | 23039 | ||
| 008 | 160829s1969 xx 000 0 cat d | ||
| 080 | |a FU-12-66 | ||
| 100 | 1 | |a Griera, A. |q (Antoni), |d 1887-1973 |9 36434 | |
| 245 | |a Guía descriptiva : |b histórica y artística del Monasterio de San Cugat del Vallés / A. Griera | ||
| 260 | |a Barcelona : |b Imprenta la Polígrafa, |c 1969 | ||
| 300 | |a 38 p., [16] f. de làm. : |b il. ; |c 16 cm | ||
| 590 | |a A la part superior de la portada: Patronato del Monasterio. | ||
| 590 | |a Prové de R-891 | ||
| 650 | |a Monestir de Sant Cugat del Vallès |9 29650 | ||
| 650 | |a Monestirs |x Catalunya |x Guies |9 41096 | ||
| 650 | |a Arquitectura religiosa |x Catalunya |x Guies |9 41097 | ||
| 901 | |a Arxiu | ||
| 942 | |n 1 | ||
| 952 | |0 0 |1 0 |4 0 |6 FU1266 |7 1 |9 50040 |a Arxiu |b Arxiu |d 2016-12-01 |l 0 |o FU-12-66 |p 23039 |r 2016-12-01 00:00:00 |w 2016-12-01 |y ARXIU | ||
| 999 | |c 53882 |d 53882 | ||